000 01115nam a22004210a 4500
001 PT59867
003 AR-LpoUNG
005 20260120154617.0
008 201001s2018||||ag |||||||||||||||||spa d
020 _a9789876303286
_c$2
040 _aAR-LpoUNG
_bspa
_eaacr
041 _aspa
044 _aag
082 0 _a982.062 665tra
100 1 _aLevín, Florencia
_ecomp.
245 1 0 _aTramas del pasado reciente argentino :
_bhistoria, memoria y transmisión
250 _a1ra. ed.
260 _aLos Polvorines :
_bUniversidad Nacional de General Sarmiento,
_c2018.
300 _a304 p. :
_bfot.
490 0 _aHumanidades ;
_vno. 37
650 4 _aANALISIS HISTORICO
650 4 _aARGENTINA
650 4 _aASPECTOS POLITICOS
650 4 _aCOMUNISMO
650 4 _aDEMOCRACIA
650 4 _aDERECHOS HUMANOS
650 4 _aDICTADURA
650 4 _aHISTORIA
650 4 _aIDEOLOGIAS POLITICAS
650 4 _aPARTIDOS POLITICOS
650 4 _aSOCIEDAD
650 4 _aPERONISMO
653 0 _aMEMORIA COLECTIVA
653 0 _aMONTONEROS
653 0 _aPRT
905 _a59867
942 _cLIB
_2ddc
999 _c51550
_d51550